000 00487nam a22001697a 4500
999 _c26562
_d26562
003 BDDh-ASL
005 20231015030646.0
008 211013s1919 i ||||| |||| 00| 0 u d
040 _aBDDh-ASL
_cBDDh-ASL
082 _a297.3
_bHUT
100 1 _95001
_aHussain, S. Zakir
245 1 0 _aTarikhe Islam, Vol.-5 : / تاريخ اسلام
260 _aDelhi :
_bG and Sons Printing Works ,
_c1919.
300 _a140 p. :
_c26 cm.
650 0 _93283
_aIslamic History
942 _2ddc
_cBK